000 00746nam a2200205Ia 4500
999 _c40132
_d40132
001 6738
003 GE_BSU
005 20191227142450.0
008 181216s1939||||ge |||||||||||||| ||geo||
040 _cGE_BSU
041 _ageo
080 _a821.353.1-32 გ-45
100 _aგვეტაძე, რაჟდენ.
_95973
245 _aმოთხრობები /
_cრაჟდენ გვეტაძე ; პ/მგ. რედ. შ. რადიანი.
264 _aთბილისი :
_bსახელგამი,
_c1939.
300 _a180 გვ. ;
_e22 სმ.
653 _aმოთხრობები
700 _aრადიანი, შ.
_eპ/მგ. რედაქტორი
_94315
942 _cBK
_2udc